Oratorio, melodrama /

Bibliographic Details
Main Author: Stravinsky, Igor, 1882-1971 (Conductor)
Corporate Authors: Opera Society of Washington (Performer), Columbia Symphony Orchestra (Performer), Columbia Choir (Performer), Ithaca College. Concert Choir (Performer), Texas Boys' Choir (Performer), Gregg Smith Singers (Performer), Cleveland Orchestra (Performer)
Other Authors: Craft, Robert (Conductor)
Format: CD Audio
Language:Latin
French
English
Language Notes:Sung in Latin, with narration in French (1st work), English (2nd work), and French (3rd work).
Published: [Place of publication not identified] : Sony Classical, [1991]
Series:Stravinsky, Igor, 1882-1971. Selections (Sony Classical) ; v. 10.
Subjects:

MARC

Tag First Indicator Second Indicator Subfields
LEADER 00000cjm a2200000 a 4500
001 in00001406769
005 20151020072922.0
007 sd fungnn|||ee
008 911007p19911960xx mun di lat d
019 |a 30768123 
028 0 2 |a SM2K 46300  |b Sony Classical 
033 0 0 |a 19610120  |b 3850 
033 2 0 |a 19600609  |a 19660507  |b 4364  |c H7 
033 0 0 |a 19640313  |b 4084  |c C5 
035 |a (OCoLC)24510852 
035 |9 AHQ3725AM 
040 |a UUP  |c UUP  |d VRU  |d CNO  |d CPL  |d TXA  |d UtOrBLW 
041 0 |d lat  |d fre  |d eng  |e lat  |e fre  |e eng  |e ger  |h lat  |h fre  |h eng  |g eng  |g ger  |g fre 
047 |a op  |a bt  |a or  |a su 
049 |a TXAM 
090 |a M1500.S932  |b O73 1991 
100 1 |a Stravinsky, Igor,  |d 1882-1971. 
240 1 0 |a Works.  |k Selections 
245 1 0 |a Oratorio, melodrama /  |c Igor Stravinsky. 
264 1 |a [Place of publication not identified] :  |b Sony Classical,  |c [1991] 
264 4 |c ℗1991 
300 |a 2 sound discs :  |b digital ;  |c 4 3/4 in. 
306 |a 005000  |a 002300  |a 005600  |a 001100  |a 000700 
336 |a performed music  |b prm  |2 rdacontent 
337 |a audio  |b s  |2 rdamedia 
338 |a audio disc  |b sd  |2 rdacarrier 
490 1 |a Igor Stravinsky edition ;  |v v. 10 
500 |a Compact disc. 
500 |a The 1st work is an opera-oratorio, the 2nd, a dance-drama, the 3rd, a melodrama with recitation, the 4th, a suite. 
546 |a Sung in Latin, with narration in French (1st work), English (2nd work), and French (3rd work). 
511 0 |a Various choruses and orchestras ; the composer conducting, except for 2nd work conducted under his supervision by Robert Craft. 
518 |a Recorded Jan. 20, 1961, Washington, D.C. (1st work), Mar. 28-31, 1962, Hollywood, CA (2nd work), May 4-7, 1966, Hollywood (3rd work), Mar. 13, 1964, Cleveland (4th work), and June 9, 1960, Hollywood (5th work). 
500 |a Program notes by the composer, Phillip Ramey, and Craft, in English, German and French, and texts with translations (120 pages : ill.) inserted. 
505 0 |a Oedipus Rex (Chorus and Orchestra of the Opera Society of Washington, D.C.) (50:00) -- The Flood (Columbia Symphony Orchestra and Chorus) (23:00) -- Perséphone (Ithaca College Concert Choir ; Texas Boys' Choir of Fort Worth ; Gregg Smith Singers ; Columbia Symphony Orchestra) (56:00) -- Ode (Cleveland Orchestra) (11:00) -- Monumentum pro Gesualdo di Venosa ad CD annum (Columbia Symphony Orchestra) (7:00). 
500 |a Sound recording. 
650 0 |a Operas. 
650 0 |a Ballets. 
650 0 |a Oratorios. 
600 0 0 |a Noah  |c (Biblical figure)  |x Drama. 
650 0 |a Monologues with music (Chorus with orchestra) 
650 0 |a Suites (Orchestra) 
650 0 |a Orchestral music. 
700 1 |a Stravinsky, Igor,  |d 1882-1971,  |e conductor. 
700 1 |a Craft, Robert,  |e conductor. 
700 1 |a Stravinsky, Igor,  |d 1882-1971.  |t Oedipus Rex. 
700 1 2 |a Stravinsky, Igor,  |d 1882-1971.  |t Flood. 
700 1 2 |a Stravinsky, Igor,  |d 1882-1971.  |t Perséphone. 
700 1 2 |a Stravinsky, Igor,  |d 1882-1971.  |t Ode,  |m orchestra. 
700 1 2 |a Stravinsky, Igor,  |d 1882-1971.  |t Monumentum pro Gesualdo di Venosa ad CD annum. 
710 2 |a Opera Society of Washington,  |e performer. 
710 2 |a Columbia Symphony Orchestra,  |e performer. 
710 2 |a Columbia Choir,  |e performer. 
710 2 |a Ithaca College.  |b Concert Choir,  |e performer. 
710 2 |a Texas Boys' Choir,  |e performer. 
710 2 |a Gregg Smith Singers,  |e performer. 
710 2 |a Cleveland Orchestra,  |e performer. 
800 1 |a Stravinsky, Igor,  |d 1882-1971.  |t Selections (Sony Classical) ;  |v v. 10. 
948 |a c:jlg 
999 |a MARS 
999 f f |s 607154c8-dc47-34a0-a02f-984b66e708a8  |i 2e58a839-063b-3350-a902-dcfd78f9cc87  |t 0 
952 f f |p ric  |a Texas A&M University  |b Rellis Campus  |c Joint Library Facility  |d Remote Storage  |t 0  |e M1500.S932 O73 1991  |h Library of Congress classification  |i audio -- audio disc  |k disc.1  |m A14823304739 
998 f f |a M1500.S932 O73 1991  |s disc.1-disc.2  |t 0  |l Remote Storage